| 000 | 01161nam a22003377a 4500 | ||
|---|---|---|---|
| 003 | CHAP | ||
| 005 | 20220329140902.0 | ||
| 008 | 971013s1976 r 00010 d | ||
| 010 | _a59285 | ||
| 011 | _a60257 | ||
| 035 | _a64417 | ||
| 040 | _cCHAP | ||
| 082 |
_a338.972 _bP6 |
||
| 100 | 0 | 0 |
_aPuente Berumen, Jesús Armando. _992893 |
| 245 | _aEstudio de preinversión agropecuaria en el estado de Querétaro | ||
| 260 |
_aMéxico : _bAsociación de Banqueros de México, _c1976 |
||
| 300 |
_apág. varía _b: ilus. |
||
| 590 |
_aBATCH-UPD _b10 _c20130110 _lUCH01 _h0010 |
||
| 590 |
_aBATCH-UPD _b10 _c20130110 _lUCH01 _h0507 |
||
| 590 |
_aBATCH-UPD _b10 _c20130111 _lUCH01 _h0001 |
||
| 590 |
_aBATCH-UPD _b10 _c20130409 _lUCH01 _h1947 |
||
| 590 |
_aBATCH-UPD _b10 _c20130410 _lUCH01 _h1436 |
||
| 590 |
_aBATCH-UPD _b10 _c20130914 _lUCH01 _h1928 |
||
| 590 |
_aCONVERSION _b10 _c20130109 _lUCH01 _h1332 |
||
| 650 | 1 | 4 |
_aAgricultura _xQueretaro. _91777 |
| 650 | 1 | 4 |
_aPolítica agrícola _xQuerétaro. _990354 |
| 700 | 0 |
_aLuna Durán, Jesús Antonio. _969042 |
|
| 901 | _aBK | ||
| 942 | _cLIBRO | ||
| 949 |
_a338.972 P6 _bBC _cLIBRO _d33724000119855 _eLIBRO _h44804 _i64417 _mD _si |
||
| 999 |
_c59285 _d59285 |
||